Countries By Coldest Recorded Temperature - Statistics

General Stats
  • This quiz has been taken 75 times
  • The average score is 7 of 8
Answer Stats
Hint Hint Answer % Correct
-67.8 C -90 F Russia
100%
-62.2 C -80 F USA
98%
-63 C -81.4 F Canada
97%
-53 C -63.4 F Sweden
87%
-55.3 C -67.5 F Mongolia
85%
-58 C -72 F China
80%
-66.1 C -87 F Denmark
70%
-53.6 C -64.5 F Kyrgyzstan
46%
No matching quizzes found
Score Distribution
Percent of People with Each Score
Percentile by Number Answered
Your Score History
You have not taken this quiz